000 00439nam a2200181Ia 4500
005 20250423100647.0
008 250422s9999 xx 000 0 und d
020 _a0-574-19445-2
050 _aTS 155 .S322/
100 _aRoger W. Schmenner
245 0 _aProduction/Operations Management
250 _a2nd ed.
260 _aChicago
260 _bScience Research Associates Inc
260 _c1981
300 _a596 p
942 _cBK
999 _c33976
_d33976